| 000 | 00492nam a2200157Ia 4500 | ||
|---|---|---|---|
| 008 | 220216s9999 xx 000 0 und d | ||
| 100 | _aHamed G R | ||
| 245 | 0 | _aGum and black-filled double networks of cis-1,4-polyisoprene crosslinked with sulfur donors. Part.1. Tensile properties | |
| 260 |
_bRubber Chemistry and Technology _c2005 |
||
| 300 | _a130-142 | ||
| 650 | _aBlack-filled double networks | ||
| 650 | _aGum | ||
| 650 | _aTensile properties | ||
| 700 | _aUmetsu K | ||
| 942 | _cJS | ||
| 999 |
_c60205 _d60205 |
||